Statistics for General Knowledge (Hard)

Click here to take the quiz!

General Stats

  • This quiz has been taken 20 times
    (8 since last reset)
  • The average score is 4 of 15

Answer Stats

QuestionAnswer% Correct
This flag has a black bird in the center and a red background, what flag is it?Albania
60%
What country's separation is sometimes called "The Velvet Wedding"?Czechoslovakia
60%
This general has the highest amount of wins statistically. Note, this does not account for losses.Napoleon Bonaparte
60%
What killed James K. Polk?Cholera
40%
True or False: The official name of a 365 sided polygon is a triacosiahexecontagon.False
40%
What amino acid corresponds to the codon UUG?Leucine
40%
This Sonic game was made with an isometric camera angle and released on the Sega Saturn.Sonic 3D Blast
40%
Which of the options is the best answer to who encouraged the reign of terror? Take into consideration who did it the longest.Maximilien Robespierre
20%
Which state was the last state to repeal prohibition?Mississippi
20%
Which is the correct electron configuration of Manganese?1s^2 2s^2 2p^6 3s^2 3p^6 4s^2 3d^5
0%
What atom was used to disprove the idea that Time Symmetry was a constant of the universe?Cobalt-60
0%
What is Ecuador's largest city?Guayaquil
0%
What was Edgar Allen Poe's last written work?Lighthouse Keeper
0%
Who was the first person to find a way to solve the depressed cubic in mathematics using a geometric proof?Scipione Del Ferro
0%
Who was the first official world chess champion?Wilhelm Steinitz
0%

Score Distribution

Percentile by Number Answered

Percent of People with Each Score

Your Score History

You have not taken this quiz since the last reset